[Event "DSOL 03 Liga Gr-A 1st"]
[Site "Playchess.com INT"]
[Date "2020.07.08"]
[Round "3.4"]
[White "Berndt, Matthias"]
[Black "Nutz, Korbinian"]
[Result "1-0"]
[WhiteElo "2005"]
[BlackElo "1099"]
[PlyCount "49"]
[EventDate "2020.06.22"]
[EventType "team-tourn (rapid)"]
[EventCountry "GER"]
[SourceTitle "EXT 2021"]
[Source "ChessBase"]
[SourceDate "2020.10.23"]
[SourceVersion "1"]
[SourceVersionDate "2020.10.23"]
[SourceQuality "1"]
[WhiteTeam "Fulda"]
[BlackTeam "Tegernsee"]
[WhiteTeamCountry "GER"]
[BlackTeamCountry "GER"]

1. e4 c5 2. Nc3 Nc6 3. g3 b6 4. Bg2 Bb7 5. d3 g6 6. f4 d6 7. Nf3 Bg7 8. 0-0 Nd4 9. h3 Nxf3+ 10. Qxf3 Bd4+ 11. Kh1 Nf6 12. Ne2 Rc8 13. c3 0-0 14. cxd4 cxd4 15. Nxd4 Qd7 16. Be3 h5 17. Qe2 Ne8 18. f5 Ng7 19. Bh6 Rfe8 20. Qe3 e5 21. Bxg7 Kxg7 22. f6+ Kh7 23. Nf5 gxf5 24. Qg5 Rh8 25. Qg7# 1-0